000 00563nam a2200217 a 4500
999 _c6122
_d6122
001 6122
003 BD-JhCC
005 20180102170946.0
008 180102s19601968e |||| || | 000 0 eng d
035 _a(BD-JhCC)6122
040 _aBD-JhCC
_dBD-JhCC
041 _aeng
082 _a821.1
_bCHA
245 _aChaucer the Prologue to the Canterbury Tales /
_cWyatt, A. J.
260 _aLondon :
_bUniversity Tutorial Press Ltd,
300 _a115 p. :
_c18 cm.
650 _aChristian Piligrims
700 _aWyatt, A. J.
942 _2ddc
_cBK